Classifica Marcatori Genoa All-Time - Statistics

Statistiche generali
  • Questo quiz è stato fatto 65 volte
  • Il punteggio medio è 2 su 10
Statistiche sulle risposte
Gol Nazione Calciatore % Corretto
60 Argentina Diego Milito
94%
65 Italia Roberto Pruzzo
44%
67 Repubblica Ceca Tomas Skuhravy
35%
77 Italia Cosimo Francioso
13%
49 Italia Marco Nappi
10%
89 Italia Edoardo Catto
8%
85 Italia Virgilio Levratto
8%
51 Italia Giorgio Dal Monte
6%
58 Italia Attilio Frizzi
2%
48 Italia Gastone Bean
2%
Nessun quiz corrispondente trovato
Distribuzione punteggi
Percentuale di utenti per punteggio
Percentile per numero di risposta
I tuoi punteggi nel tempo
Non hai fatto questo quiz